La jefa : (Record no. 99949)
[ view plain ]
| 000 -LEADER | |
|---|---|
| campo de control de longitud fija | 01413cam a2200397Ia 4500 |
| 001 - NÚMERO DE CONTROL | |
| campo de control | 52117 |
| 003 - IDENTIFICADOR DE NÚMERO DE CONTROL | |
| campo de control | BJBSDDR |
| 005 - FECHA Y HORA DE LA ÚLTIMA TRANSACCIÓN | |
| campo de control | 20250808160143.0 |
| 008 - DATOS DE LONGITUD FIJA--INFORMACIÓN GENERAL | |
| campo de control de longitud fija | 030711s2003 mx af b 001 0bspa d |
| 020 ## - NÚMERO INTERNACIONAL ESTÁNDAR DEL LIBRO | |
| Número Internacional Estándar del Libro | 1400059259 : |
| Condiciones de disponibilidad | $20.95 |
| 020 ## - NÚMERO INTERNACIONAL ESTÁNDAR DEL LIBRO | |
| Número Internacional Estándar del Libro | 9781400059256 |
| 020 ## - NÚMERO INTERNACIONAL ESTÁNDAR DEL LIBRO | |
| Número Internacional Estándar del Libro | 9700516105 (pbk.) |
| 020 ## - NÚMERO INTERNACIONAL ESTÁNDAR DEL LIBRO | |
| Número Internacional Estándar del Libro | 9789700516103 (pbk.) |
| 035 ## - NÚMERO DE CONTROL DEL SISTEMA | |
| Número de control de sistema | (OCoLC)ocm52598367 |
| 035 ## - NÚMERO DE CONTROL DEL SISTEMA | |
| Número de control de sistema | (OCoLC)52598367 |
| 040 ## - FUENTE DE CATALOGACIÓN | |
| Centro catalogador/agencia de origen | EL$ |
| Lengua de catalogación | spa |
| Centro/agencia transcriptor | EL$ |
| Centro/agencia modificador | SAP |
| -- | CUS |
| -- | TEF |
| -- | OCLCQ |
| -- | BAKER |
| -- | BTCTA |
| -- | YDXCP |
| -- | DRFGD |
| 043 ## - CÓDIGO DE ÁREA GEOGRÁFICA | |
| Código de área geográfica | n-mx--- |
| 049 ## - FONDOS LOCALES (OCLC) | |
| Biblioteca depositaria | GRAL |
| 050 14 - SIGNATURA TOPOGRÁFICA DE LA BIBLIOTECA DEL CONGRESO | |
| Número de clasificación | Duplicado |
| 082 04 - NÚMERO DE LA CLASIFICACIÓN DECIMAL DEWEY | |
| Número de clasificación | 972.0841/092 |
| -- | B |
| Número de edición | 22 |
| 100 1# - ENTRADA PRINCIPAL--NOMBRE DE PERSONA | |
| Nombre de persona | Wornat, Olga. |
| 245 13 - MENCIÓN DEL TÍTULO | |
| Título | La jefa : |
| Resto del título | vida pública y privada de Marta Sahagún de Fox / |
| Mención de responsabilidad, etc. | Olga Wornat ; documentación y archivo, Alma Delia Fuentes. |
| 260 ## - PUBLICACIÓN, DISTRIBUCIÓN, ETC. | |
| Lugar de publicación, distribución, etc. | México : |
| Nombre del editor, distribuidor, etc. | Grijalbo, |
| Fecha de publicación, distribución, etc. | c2003. |
| 300 ## - DESCRIPCIÓN FÍSICA | |
| Extensión | 253 p., 24 p. of plates : |
| Otras características físicas | ill. ; |
| Dimensiones | 23 cm. |
| 500 ## - NOTA GENERAL | |
| Nota general | "Tiempo mexicano"--Back cover = En el reverso de la cubierta. |
| 504 ## - NOTA DE BIBLIOGRAFÍA, ETC. | |
| Nota de bibliografía, etc. | Includes bibliographical references (p. 241-243) and index. |
| 600 10 - PUNTO DE ACCESO ADICIONAL DE MATERIA--NOMBRE DE PERSONA | |
| Nombre de persona | Sahagún, Marta, |
| Fechas asociadas al nombre | 1953- |
| 600 17 - PUNTO DE ACCESO ADICIONAL DE MATERIA--NOMBRE DE PERSONA | |
| Nombre de persona | Sahagún, Marta, |
| Fechas asociadas al nombre | 1953- |
| Fuente del encabezamiento o término | bidex |
| 650 #0 - PUNTO DE ACCESO ADICIONAL DE MATERIA--TÉRMINO DE MATERIA | |
| Término de materia o nombre geográfico como elemento de entrada | Presidents' spouses |
| Subdivisión geográfica | Mexico |
| Subdivisión de forma | Biography. |
| 650 #0 - PUNTO DE ACCESO ADICIONAL DE MATERIA--TÉRMINO DE MATERIA | |
| Término de materia o nombre geográfico como elemento de entrada | Women in politics |
| Subdivisión geográfica | Mexico |
| Subdivisión de forma | Biography. |
| 650 #7 - PUNTO DE ACCESO ADICIONAL DE MATERIA--TÉRMINO DE MATERIA | |
| Término de materia o nombre geográfico como elemento de entrada | Esposos de presidentes |
| Subdivisión geográfica | México |
| Subdivisión de forma | Biografía. |
| Fuente del encabezamiento o término | bidex |
| 650 #7 - PUNTO DE ACCESO ADICIONAL DE MATERIA--TÉRMINO DE MATERIA | |
| Término de materia o nombre geográfico como elemento de entrada | Mujeres en la política |
| Subdivisión geográfica | México |
| Subdivisión de forma | Biografía. |
| Fuente del encabezamiento o término | bidex |
| 700 1# - ENTRADA AGREGADA--NOMBRE PERSONAL | |
| Nombre de persona | Fuentes, Alma Delia. |
| 942 ## - ELEMENTOS DE ENTRADA SECUNDARIOS (KOHA) | |
| Fuente del sistema de clasificación o colocación | Clasificación de Library of Congress |
| Tipo de ítem Koha | Libro |
| 946 ## - PROCESAMIENTO DE INFORMACIÓN LOCAL (OCLC) | |
| a | lmminaya |
| Estatus retirado | Estado de pérdida | Fuente del sistema de clasificación o colocación | Estado de daño | No para préstamo | Colección | Biblioteca de origen | Biblioteca actual | Ubicación en estantería | Fecha de adquisición | Signatura topográfica completa | Código de barras | Visto por última vez | Copia número | Tipo de ítem Koha |
|---|---|---|---|---|---|---|---|---|---|---|---|---|---|---|
| Clasificación de Library of Congress | Automatización y Procesos Técnicos | Biblioteca Juan Bosch | Biblioteca Juan Bosch | Automatización y Procesos Técnicos (1er. Piso) | 10/04/2023 | Duplicado | 00261000051 | 21/01/2019 | 1 | Libro |
